Sports Quiz

Random Sports or Football Quiz

Top 50 Football Players 2010 Quiz Stats

 Plays Quiz not verified by Sporcle

Challenge
Share
Tweet
Embed
Score 0/50 Timer 06:00
0 Plays Today
Country Player % Correct
ArgentinaLionel Messi
99.3%
PortugalChristiano Ronaldo
97.4%
SpainXavi
90%
SpainAndres Iniesta
86.3%
NetherlandsWesley Sneijder
73.8%
Cote d'IvoireDidier Drogba
55.7%
EnglandSteven Gerrard
53.1%
CameroonSamuel Eto'o
50.6%
BulgariaDimitar Berbatov
43.9%
SwedenZlatan Ibrahimovic
43.9%
SpainCarles Puyol
43.5%
SpainGerard Pique
42.8%
WalesGareth Bale
42.4%
UruguayLuis Suarez
40.2%
SpainIker Casillas
39.9%
ArgentinaCarlos Tevez
39.5%
PortugalNani
39.1%
GermanyMesut Ozil
37.3%
MexicoJavi Hernandez
36.5%
RussiaAndrei Arshavin
33.9%
ArgentinaGonzalo Higuain
33.2%
BrazilDani Alves
32.1%
SpainSergio Ramos
31.7%
GermanyThomas Muller
29.2%
FranceSamir Nasri
28.8%
Country Player % Correct
FranceNicolas Anelka
26.6%
FranceFlorent Malouda
24%
MoroccoChamakh
22.5%
BrazilNeymar
22.5%
GhanaAsamoah Gyan
20.3%
BrazilPato
19.6%
SpainVictor Valdes
17%
GermanyMario Gomez
15.9%
EnglandTheo Walcott
14.4%
EnglandJoe Hart
14.4%
SenegalPapiss Demba Cisse
11.1%
GreeceTheofanis Gekas
8.9%
ScotlandKenny Miller
8.9%
BrazilHulk
8.5%
EnglandAndy Carroll
6.3%
Northern IrelandChris Brunt
5.9%
SenegalMoussa Sow
4.4%
SpainFernando Llorente
3.3%
ChileHumbarto Suazo
2.6%
ItalyAntonio Di Natale
2.2%
BrazilCarlos Alexandre
0.7%
BrazilJonas Goncalves Oliveira
0.4%
BrazilRafael Moura
0.4%
BelgiumVleminckx
0.4%
BrazilNene
0.4%

You're not logged in!

Compare scores with friends on all Sporcle quizzes.
Join for Free
OR
Log In

You Might Also Like...

Show Comments

Extras

Top Quizzes Today


Score Distribution

Your Account Isn't Verified!

In order to create a playlist on Sporcle, you need to verify the email address you used during registration. Go to your Sporcle Settings to finish the process.

Report this User

Report this user for behavior that violates our Community Guidelines.

Details: